000 00619nam a22001937a 4500
999 _c189610
_d189610
005 20220707113439.0
010 _aUR-11630
020 _a9789392496424
_c200.00
035 _aU-10185
037 _bDBAD/PUB
_a-
082 _a841.08
100 _aانعام الحق
245 _a‏‏نواے مسلم /
_cانعام الحق
_hا ر د و
246 _aNawa-E-Muslim /
_bby Inamul Haque
260 _aNew Delhi
_bEducational Publishing House
_c2021 ء
270 _aH.o. D1/16, Ansari Road, Daryaganj
_bNew Delhi
_e110002
300 _a168 ص
_c22cm(Hb)
942 _2ddc
_cUR
_h841.08
_mا ن ع